Systém doplnkovej diagnostiky v sieti lekární s využitím MySQL : bakalárska práca

Na minha lista:
Detalhes bibliográficos
Autor principal: Samák, Ján (Author)
Outros Autores: Husárová, Bohuslava (xxx)
Formato: Manuscrito Livro
Idioma:eslovaco
Publicado em: Trnava : STU v Bratislave MtF KAIA, 2005
Assuntos:
Tags: Adicionar Tag
Sem tags, seja o primeiro a adicionar uma tag!

MARC

LEADER 00000ntm a22000003a 4500
001 stu96367
005 20160719155326.2
008 051019s2005----xo------------------slo-d
040 |a STU  |b slo 
041 0 |a slo 
044 |a xo 
100 1 |a Samák, Ján  |4 aut 
245 1 |a Systém doplnkovej diagnostiky v sieti lekární s využitím MySQL :  |b bakalárska práca 
260 |a Trnava :  |b STU v Bratislave MtF KAIA,  |c 2005 
300 |a 43s  |c príl (1 CD) 
650 7 |a aplikovaná informatika a automatizácia v priemysle  |2 stusub 
650 7 |a databázový systém  |2 stusub 
700 1 |a Husárová, Bohuslava  |4 xxx  |u M180  |U MTF Materiálovotechnologická fakulta  |T MTF Katedra aplikovanej informatiky a automatizácie  |U M180  |Y 166 
996 |b 284M055183  |c M*BP-1707  |l MMSKP  |s P  |a 0  |w stu96367_0001